000 00315nam a2200121Ia 4500
008 191201s2001 xx 000 0 und d
100 _aCHHIBBA,Neeraj
245 0 _aZero Percentile - 2.0 Missed Iit Kissed Gurgaon
260 _aN. Delhi
_bRupa Pub
_c2001
300 _aNULL
650 _aGeneral Books
942 _2ddc
_cBK
999 _c476
_d476